The spinning world : (Record no. 72148)
[ view plain ]
| 000 -LEADER | |
|---|---|
| fixed length control field | 01365nam a22002897a 4500 |
| 005 - DATE AND TIME OF LATEST TRANSACTION | |
| control field | 20121213151910.0 |
| 008 - FIXED-LENGTH DATA ELEMENTS--GENERAL INFORMATION | |
| fixed length control field | 121213t xxu||||| |||| 00| 0 eng d |
| 010 ## - LCCN (DPL NO) | |
| LC control number | ENG-106367 |
| 020 ## - INTERNATIONAL STANDARD BOOK NUMBER | |
| International Standard Book Number | 9789380607290 |
| Terms of availability | 1795.00 |
| 035 ## - SYSTEM CONTROL NUMBER | |
| System control number | EN-89900 |
| 037 ## - SOURCE OF ACQUISITION | |
| Source of stock number/acquisition | DBAD/PUB |
| 040 ## - CATALOGING SOURCE | |
| Original cataloging agency | DPL |
| Language of cataloging | ENG |
| 082 ## - DEWEY DECIMAL CLASSIFICATION NUMBER | |
| Classification number | 338.4767721 |
| 245 04 - TITLE STATEMENT | |
| Title | The spinning world : |
| Remainder of title | a global history of cotton textiles, 1200-1850 / |
| Statement of responsibility, etc | edited by Giorgio Riello [and] Prasannan Parthasarathi |
| 260 ## - PUBLICATION, DISTRIBUTION, ETC. (IMPRINT) | |
| Place of publication, distribution, etc | Delhi |
| Name of publisher, distributor, etc | Primus Books |
| Date of publication, distribution, etc | 2012 |
| 270 ## - ADDRESS | |
| Address | Virat Bhavan, Mukherjee Nagar Commercial Complex |
| City | Delhi |
| Postal code | 110009 |
| 300 ## - PHYSICAL DESCRIPTION | |
| Extent | x, 489 p. [16] p., of plates : |
| Other physical details | col. ill., maps |
| Dimensions | 24cm(Hb) |
| 440 #0 - SERIES STATEMENT/ADDED ENTRY--TITLE | |
| Title | Pasold studies in textile history ;16 |
| 500 ## - GENERAL NOTE | |
| General note | Includes bibliographical references (p. [421]-468) and index. |
| 650 #0 - SUBJECT ADDED ENTRY--TOPICAL TERM | |
| Topical term or geographic name as entry element | Cotton textile industry |
| General subdivision | History. |
| 9 (RLIN) | 54296 |
| 650 #0 - SUBJECT ADDED ENTRY--TOPICAL TERM | |
| Topical term or geographic name as entry element | Cotton manufacture |
| General subdivision | History. |
| 9 (RLIN) | 54297 |
| 700 1# - ADDED ENTRY--PERSONAL NAME | |
| Personal name | Riello, Giorgio |
| 9 (RLIN) | 54298 |
| 700 1# - ADDED ENTRY--PERSONAL NAME | |
| Personal name | Parthasarathi, Prasannan |
| 9 (RLIN) | 54299 |
| 942 ## - ADDED ENTRY ELEMENTS (KOHA) | |
| Source of classification or shelving scheme | Dewey Decimal Classification |
| Item type | English Books |
| Classification part | 338.4767721 |
| Call number suffix | SPI |
| Withdrawn status | Lost status | Source of classification or shelving scheme | Damaged status | Not for loan | Collection code | Home library | Current library | Date acquired | Source of acquisition | Cost, normal purchase price | Total Checkouts | Full call number | Barcode | Date last seen | Copy number | Cost, replacement price | Koha item type |
|---|---|---|---|---|---|---|---|---|---|---|---|---|---|---|---|---|---|
| Dewey Decimal Classification | Non-fiction | D.B.Act.Division | D.B.Act.Division | 13/12/2012 | DBAD/PUB | 1795.00 | 338.4767721 SPI | EN-89900 | 13/12/2012 | 1 | 1795.00 | English Books |
